Statistics for Central Asian Countries

Click here to take the quiz!

General Stats

  • This quiz has been taken 48 times
    (47 since last reset)
  • The average score is 5 of 5

Answer Stats

Answer% Correct
Kazakhstan
98%
Tajikistan
95%
Turkmenistan
95%
Kyrgyzstan
91%
Uzbekistan
91%

Score Distribution

Percentile by Number Answered

Percent of People with Each Score

Your Score History

You have not taken this quiz since the last reset